[Event "SA Championship"]
[Site "Adelaide"]
[Date "2009.02.10"]
[Round "1.1"]
[White "Milton, Anthony"]
[Black "Mdinaradze, Edgar"]
[Result "1-0"]
[WhiteElo "1702"]
[BlackElo "1896"]
[PlyCount "121"]
[EventDate "2009.02.10"]
[EventType "tourn"]
[EventRounds "9"]
[EventCountry "AUS"]

1. d4 Nf6 2. c4 d6 3. Nc3 g6 4. e4 Bg7 5. Nf3 c5 6. Be2 cxd4 7. Nxd4 O-O 8. O-O
Bd7 9. Be3 Nc6 10. f3 Ne8 11. Qd2 Nc7 12. Rfd1 Nxd4 13. Bxd4 Ne6 14. Bxg7 Kxg7
15. e5 Qb6+ 16. Kf1 Bc6 17. exd6 exd6 18. b3 Rad8 19. Nd5 Bxd5 20. Qc3+ Kg8 21.
Rxd5 Rfe8 22. Qd2 Re7 23. Rd1 Red7 24. f4 Nc7 25. c5 Qc6 26. Rxd6 Rxd6 27. cxd6
Ne8 28. d7 Nf6 29. Qd6 Qxd6 30. Rxd6 Ne4 31. Rd4 Nf6 32. Bf3 b6 33. Rd6 Kg7 34.
Bc6 Nh5 35. Rd4 f5 36. h3 Nf6 37. Rd6 Kf7 38. Bb5 Ke7 39. Rc6 Nd5 40. Rc1 Nf6
41. Rc7 Nd5 42. Rxa7 Nxf4 43. Rb7 Nd5 44. Bc6 Kd6 45. Bxd5 Kxd5 46. Rxb6 Rxd7
47. Ke2 Kd4 48. Rb4+ Ke5 49. a4 h5 50. h4 Rc7 51. Rc4 Rb7 52. b4 Re7 53. Ke3
Kd5+ 54. Kd3 Re1 55. Rc5+ Kd6 56. a5 Rd1+ 57. Kc4 Rd2 58. a6 Ra2 59. Ra5 Rc2+
60. Kb5 Rc8 61. a7 1-0

[Event "SA Championship"]
[Site "Adelaide"]
[Date "2009.02.10"]
[Round "1.2"]
[White "Zulfic, Fedja"]
[Black "Searle, Zachary"]
[Result "1/2-1/2"]
[WhiteElo "1964"]
[BlackElo "1692"]
[PlyCount "97"]
[EventDate "2009.02.10"]
[EventType "tourn"]
[EventRounds "9"]
[EventCountry "AUS"]

1. d4 d5 2. c4 c6 3. cxd5 cxd5 4. Nc3 Nf6 5. Bf4 Nc6 6. e3 e6 7. Bd3 Bd6 8.
Bxd6 Qxd6 9. f4 O-O 10. Nf3 Nd7 11. O-O f5 12. Rc1 Nf6 13. Ne5 Bd7 14. g4 fxg4
15. Nxg4 Nxg4 16. Qxg4 Qe7 17. Kh1 Qf7 18. Qh4 g6 19. Rg1 Ne7 20. Rg5 Nf5 21.
Qh3 Kh8 22. Rcg1 Rg8 23. Nd1 Rg7 24. Nf2 Be8 25. Ng4 Rc8 26. Nh6 Qf6 27. Nxf5
exf5 28. Bxf5 Rcc7 29. Qh6 Kg8 30. Bd3 Bf7 31. Re5 Re7 32. Qg5 Qxg5 33. Rgxg5
Rc7 34. h4 b6 35. Rg2 Rc1+ 36. Rg1 Rc7 37. a3 Kf8 38. e4 dxe4 39. Bxe4 Be8 40.
d5 Rcd7 41. Rd1 Rd6 42. Rc1 Rgd7 43. Kg2 Bf7 44. Rd1 Kg7 45. Kf3 Kf8 46. Rd4
Kg7 47. Rd1 Kf8 48. Rd4 Kg7 49. Rd1 1/2-1/2

[Event "SA Championship"]
[Site "Adelaide"]
[Date "2009.02.10"]
[Round "1.3"]
[White "Juszczynski, Mathew"]
[Black "Sykes, Alexander"]
[Result "1/2-1/2"]
[WhiteElo "1837"]
[BlackElo "1893"]
[PlyCount "121"]
[EventDate "2009.02.10"]
[EventType "tourn"]
[EventRounds "9"]
[EventCountry "AUS"]

1. e4 Nf6 2. d3 d6 3. c4 g6 4. Nc3 Bg7 5. g3 c5 6. Bg2 O-O 7. Nge2 Ne8 8. O-O
Nc6 9. h3 a6 10. Be3 Nd4 11. Rb1 Ra7 12. b4 b5 13. cxb5 axb5 14. Bxd4 cxd4 15.
Nxb5 Rxa2 16. Nbxd4 Qb6 17. Nc2 Bd7 18. Ne3 Nc7 19. Nf4 Ba4 20. Qc1 Nb5 21.
Nfd5 Qa7 22. Qc4 Rd2 23. Ra1 Bxa1 24. Rxa1 Bb3 25. Qc1 Ra2 26. Rxa2 Bxa2 27.
Qb2 Bxd5 28. Nxd5 f6 29. h4 Kg7 30. h5 Rb8 31. hxg6 hxg6 32. Bh3 Rh8 33. Kg2
Ra8 34. Qe2 Nd4 35. Qg4 e5 36. Qh4 Qf7 37. Qg4 Ra3 38. Qc8 Rxd3 39. b5 f5 40.
b6 fxe4 41. Qc7 Rb3 42. Bc8 Rb2 43. Qxf7+ Kxf7 44. b7 Nc6 45. Nc3 e3 46. Kf3
exf2 47. Kg2 Ke7 48. Nd1 f1=Q+ 49. Kxf1 Rd2 50. Nc3 d5 51. Ke1 Rd3 52. Ne2 Kd6
53. g4 Kc7 54. Nc1 Rg3 55. Kf2 Rxg4 56. Bxg4 Kxb7 57. Nd3 Kc7 58. Nc5 Kd6 59.
Nb7+ Ke7 60. Ke3 Kf6 61. Nc5 1/2-1/2

[Event "SA Championship"]
[Site "Adelaide"]
[Date "2009.02.10"]
[Round "1.4"]
[White "Kerr, Bill"]
[Black "Hoile, Robert"]
[Result "1-0"]
[WhiteElo "1908"]
[BlackElo "1845"]
[PlyCount "105"]

1. b3 d5 2. Nf3 Nf6 3. e3 Bg4 4. h3 Bh5 5. Be2 e6 6. c4 c6 7. Bb2 Nbd7 8. O-O
Bd6 9. d3 Qe7 10. Nbd2 O-O 11. Re1 Rad8 12. e4 e5 13. Nh4 Bg6 14. Nxg6 hxg6 15.
exd5 cxd5 16. Bf3 Nc5 17. Qe2 Rfe8 18. cxd5 Qd7 19. Nc4 Bb8 20. Ne3 e4 21. dxe4
Ncxe4 22. Rad1 Qc7 23. g3 Qa5 24. Rd4 Nd6 25. Ra4 Qc7 26. Bxf6 gxf6 27. Qb2 Nf5
28. Rc1 Qe5 29. Qxe5 fxe5 30. Nxf5 gxf5 31. Bg2 Kg7 32. g4 Kf6 33. gxf5 Kxf5
34. Rb4 Re7 35. Be4+ Kg5 36. Rc3 f5 37. Rg3+ Kf6 38. Rf3 Rg7+ 39. Kf1 f4 40.
Rc4 Ke7 41. d6+ Ke6 42. Rb4 b6 43. Rc4 Rxd6 44. Rc8 Rd1+ 45. Ke2 Rgg1 46. Rfc3
Bd6 47. R3c6 Ke7 48. a4 Rde1+ 49. Kf3 Rh1 50. Rh8 Bc5 51. Rh7+ Kd8 52. Bf5 e4+
53. Kxf4 1-0

[Event "SA Championship"]
[Site "Adelaide"]
[Date "2009.02.10"]
[Round "1.5"]
[White "Cloudsdale, Colin"]
[Black "Cowley, Robert"]
[Result "0-1"]
[WhiteElo "1932"]
[BlackElo "1998"]
[PlyCount "66"]
[EventDate "2009.02.10"]
[EventType "tourn"]
[EventRounds "9"]
[EventCountry "AUS"]

1. e4 c5 2. Nf3 e6 3. d4 cxd4 4. Nxd4 Nf6 5. Nc3 d6 6. Bd3 a6 7. a4 Nc6 8. Be3
Nxd4 9. Bxd4 e5 10. Be3 Be6 11. Qe2 Rc8 12. a5 Be7 13. O-O O-O 14. f4 exf4 15.
Rxf4 d5 16. Bb6 Qd7 17. e5 Ng4 18. h3 Nh6 19. Kh1 f5 20. Re1 g6 21. Qf2 Nf7 22.
Qd4 Ng5 23. Rd1 Qc6 24. Kh2 Ne4 25. Bxe4 dxe4 26. Rf2 Bc5 27. Bxc5 Qxc5 28. Qd6
Rc6 29. Qd4 Qxd4 30. Rxd4 Rc5 31. Rd6 Rxe5 32. Ne2 Bc4 33. Nf4 e3 0-1

[Event "SA Championship"]
[Site "Adelaide"]
[Date "2009.02.17"]
[Round "2.1"]
[White "Mdinaradze, Edgar"]
[Black "Cowley, Robert"]
[Result "0-1"]
[WhiteElo "1896"]
[BlackElo "1998"]
[PlyCount "110"]
[EventDate "2009.02.10"]
[EventType "tourn"]
[EventRounds "9"]
[EventCountry "AUS"]

1. d4 Nf6 2. Nf3 g6 3. c4 Bg7 4. Nc3 c5 5. d5 d6 6. e3 e6 7. Be2 exd5 8. cxd5
O-O 9. O-O Bg4 10. Nd2 Bxe2 11. Qxe2 Nbd7 12. f4 Re8 13. Qf3 a6 14. a4 Qc7 15.
Nc4 Nb6 16. Nxb6 Qxb6 17. a5 Qc7 18. g4 Qe7 19. Ra4 Rac8 20. f5 gxf5 21. Qxf5
c4 22. Rf4 Nd7 23. Raxc4 Rxc4 24. Rxc4 Ne5 25. Rf4 Qc7 26. Rb4 Qxa5 27. Rxb7
Qa1 28. Qf1 Rf8 29. h3 Nd3 30. Qxd3 Qxc1+ 31. Kg2 Be5 32. Ne2 Qe1 33. e4 Rc8
34. Qf3 Rf8 35. Qe3 a5 36. Qd3 a4 37. Qb5 Qd2 38. Kf3 Qd1 39. Ke3 Qh1 40. Qxa4
Qxh3+ 41. Kd2 Qxg4 42. Qc2 Rc8 43. Qd3 Qg5+ 44. Qe3 Rc2+ 45. Kd3 Qxe3+ 46. Kxe3
Rxb2 47. Rc7 Rb3+ 48. Kf2 h5 49. Rc1 Kg7 50. Rg1+ Kf6 51. Rg2 h4 52. Rg4 h3 53.
Rh4 h2 54. Kg2 Rb1 55. Rh5 Re1 0-1

[Event "SA Championship"]
[Site "Adelaide"]
[Date "2009.02.17"]
[Round "2.2"]
[White "Hoile, Robert"]
[Black "Cloudsdale, Colin"]
[Result "1-0"]
[WhiteElo "1845"]
[BlackElo "1932"]
[PlyCount "77"]
[EventDate "2009.02.10"]
[EventType "tourn"]
[EventRounds "9"]
[EventCountry "AUS"]

1. d4 Nf6 2. c4 e6 3. Nc3 Bb4 4. Qc2 c5 5. dxc5 Na6 6. a3 Bxc3+ 7. Qxc3 Nxc5 8.
b4 Nce4 9. Qb2 b6 10. f3 Nd6 11. e4 Nb7 12. Bg5 h6 13. Bh4 d6 14. Rd1 Qe7 15.
Ne2 O-O 16. Bxf6 Qxf6 17. Qxf6 gxf6 18. Nf4 Kg7 19. Bd3 Bd7 20. g4 e5 21. Nh5+
Kg6 22. Rg1 Be6 23. h3 Rac8 24. f4 Bxc4 25. f5+ Kh7 26. Nxf6+ Kg7 27. Nh5+ Kh8
28. Ke2 Rc7 29. Rc1 Rfc8 30. Rxc4 Rxc4 31. Bxc4 Rxc4 32. Kd3 b5 33. g5 hxg5 34.
Rxg5 Rc8 35. Nf6 Rf8 36. h4 Nd8 37. h5 Nc6 38. h6 Ne7 39. Rg7 1-0

[Event "SA Championship"]
[Site "Adelaide"]
[Date "2009.02.12"]
[Round "2.3"]
[White "Sykes, Alexander"]
[Black "Kerr, Bill"]
[Result "0-1"]
[WhiteElo "1893"]
[BlackElo "1908"]
[PlyCount "78"]
[EventDate "2009.02.10"]
[EventType "tourn"]
[EventRounds "9"]
[EventCountry "AUS"]

1. d4 Nc6 2. d5 Ne5 3. f4 Ng6 4. e4 e6 5. dxe6 fxe6 6. Bd3 Bb4+ 7. c3 Bc5 8. g3
d6 9. Nf3 Qe7 10. Qe2 Nf6 11. Nbd2 O-O 12. Nb3 Bb6 13. Bd2 Re8 14. O-O-O Nf8
15. e5 N6d7 16. h4 d5 17. h5 c5 18. Bc2 a5 19. Be3 a4 20. Nbd2 Ba5 21. Nb1 b6
22. c4 Bb7 23. Bd3 Bc6 24. h6 g6 25. Rh2 Reb8 26. Nfd2 Bxd2+ 27. Nxd2 dxc4 28.
Nxc4 Bd5 29. Kb1 b5 30. Nd6 c4 31. Be4 Bxe4+ 32. Nxe4 a3 33. Rd6 axb2 34. Qxb2
b4 35. Qc1 Ra3 36. Bd4 c3 37. Qd1 b3 38. Bxc3 bxa2+ 39. Kc2 Rb1 0-1

[Event "SA Championship"]
[Site "Adelaide"]
[Date "2009.02.17"]
[Round "2.4"]
[White "Searle, Zachary"]
[Black "Juszczynski, Mathew"]
[Result "1/2-1/2"]
[WhiteElo "1692"]
[BlackElo "1837"]
[PlyCount "102"]
[EventDate "2009.02.10"]
[EventType "tourn"]
[EventRounds "9"]
[EventCountry "AUS"]

1. e4 c5 2. Nf3 d6 3. d4 cxd4 4. Nxd4 Nf6 5. Nc3 a6 6. f3 e5 7. Nb3 Be6 8. Be3
Nbd7 9. Qd2 b5 10. O-O-O Rc8 11. g4 Nb6 12. Qf2 Nc4 13. Bxc4 bxc4 14. Bb6 Qd7
15. Na5 Be7 16. h4 O-O 17. h5 Ne8 18. f4 exf4 19. Qxf4 h6 20. Kb1 Bg5 21. Qf2
f6 22. Nd5 Bxg4 23. Rd4 Be6 24. Rf1 Bxd5 25. Rxd5 Nc7 26. Bxc7 Qxc7 27. Qf5
Rfe8 28. Rfd1 Re5 29. Rxe5 dxe5 30. Qe6+ Kh7 31. Rd5 c3 32. b3 Be3 33. Nc4 Bc5
34. Rd7 Rd8 35. Rd5 Bf8 36. a4 Rxd5 37. exd5 Qc5 38. d6 Qg1+ 39. Ka2 Qf2 40.
Na3 a5 41. Qd5 Qd2 42. Qe4+ Kh8 43. Nc4 Qd1 44. Nxa5 Qxd6 45. Nc4 Qd1 46. a5
Qd7 47. a6 Bc5 48. Qa8+ Kh7 49. Qe4+ Kh8 50. Qa8+ Kh7 51. Qe4+ Kh8 1/2-1/2

[Event "SA Championship"]
[Site "Adelaide"]
[Date "2009.02.17"]
[Round "2.5"]
[White "Milton, Anthony"]
[Black "Zulfic, Fedja"]
[Result "0-1"]
[WhiteElo "1702"]
[BlackElo "1964"]
[PlyCount "106"]
[EventDate "2009.02.10"]
[EventType "tourn"]
[EventRounds "9"]
[EventCountry "AUS"]

1. d4 Nf6 2. c4 g6 3. Nf3 Bg7 4. Nc3 d5 5. e3 O-O 6. Be2 c5 7. O-O cxd4 8. exd4
Nc6 9. h3 Bf5 10. Be3 Rc8 11. b3 Ne4 12. Nxd5 e6 13. Nf4 g5 14. Nh5 Nc3 15. Qd2
Nxd4 16. Nxd4 Bxd4 17. Bf3 Be5 18. Bxg5 f6 19. Qxd8 Rcxd8 20. Bh6 Rf7 21. g4
Bg6 22. Nf4 Bxf4 23. Bxf4 Rd3 24. Be3 f5 25. gxf5 exf5 26. Bg2 f4 27. Bxa7 Rg7
28. Kh2 Bf5 29. Rg1 Kf8 30. Bc5+ Ke8 31. Bf1 Rxg1 32. Kxg1 Rd7 33. Re1+ Kf7 34.
a3 Ne4 35. Bb4 Ng5 36. Bg2 f3 37. Bf1 Bxh3 38. Bxh3 Nxh3+ 39. Kf1 Ng5 40. Rb1
h6 41. Kg1 Rd4 42. Kh2 Ne4 43. Rb2 Rd1 44. Ba5 Kf6 45. Bb6 Kf5 46. Be3 h5 47.
Rc2 Nf6 48. Rc1 Ng4+ 49. Kh3 Nxe3 50. Rxd1 Nxd1 51. Kh4 Kf4 52. c5 Nxf2 53. b4
Ne4 0-1

[Event "SA Championship"]
[Site "Adelaide"]
[Date "2009.02.24"]
[Round "3.1"]
[White "Zulfic, Fedja"]
[Black "Mdinaradze, Edgar"]
[Result "0-1"]
[WhiteElo "1964"]
[BlackElo "1896"]
[PlyCount "52"]
[EventDate "2009.02.10"]
[EventType "tourn"]
[EventRounds "9"]
[EventCountry "AUS"]

1. d4 d5 2. c4 e6 3. Nf3 Nf6 4. e3 Be7 5. Nc3 c6 6. Bd3 Nbd7 7. O-O O-O 8. e4
dxe4 9. Nxe4 Nxe4 10. Bxe4 Re8 11. Bc2 Bf6 12. Qd3 g6 13. Re1 Bg7 14. Bd2 Qc7
15. Bc3 Rd8 16. Rad1 b6 17. h4 Nf6 18. Ne5 Bb7 19. Qe3 b5 20. b4 bxc4 21. Nxc4
Nd5 22. Qd2 Qe7 23. g3 Rab8 24. Bb3 Ba8 25. a3 c5 26. Ne3 Nxc3 0-1

[Event "SA Championship"]
[Site "Adelaide"]
[Date "2009.02.24"]
[Round "3.2"]
[White "Juszczynski, Mathew"]
[Black "Milton, Anthony"]
[Result "1-0"]
[WhiteElo "1837"]
[BlackElo "1702"]
[PlyCount "149"]
[EventDate "2009.02.10"]
[EventType "tourn"]
[EventRounds "9"]
[EventCountry "AUS"]

1. e4 c5 2. Nf3 d6 3. Bb5+ Bd7 4. Bxd7+ Qxd7 5. c4 g6 6. O-O Bg7 7. d4 cxd4 8.
Nxd4 Nc6 9. Ne2 Nf6 10. Nbc3 O-O 11. f3 Rfd8 12. Bg5 Ne8 13. Qd2 Nc7 14. Rad1
Ne6 15. Be3 Qc7 16. Nd5 Qc8 17. b4 Rd7 18. f4 Nf8 19. b5 Nd8 20. Qc2 e6 21. Nb4
f5 22. Rd2 Nf7 23. Rc1 a5 24. bxa6 bxa6 25. exf5 gxf5 26. Qa4 a5 27. Nc6 Rc7
28. Ncd4 e5 29. Nb5 Rd7 30. Rcd1 Ra6 31. Ng3 Rd8 32. c5 Qc6 33. Nxf5 Bf6 34.
fxe5 dxe5 35. Rxd8 Nxd8 36. Rd6 Qb7 37. Qc4+ Kh8 38. Nh6 Nfe6 39. Qg4 Bg7 40.
Qc4 Rxd6 41. cxd6 Qc6 42. Qxc6 Nxc6 43. a4 Nf4 44. Nf5 Bf6 45. g3 Nd5 46. Bd2
Nb6 47. Nc3 Kg8 48. Ne4 Bd8 49. Nc5 Kf7 50. g4 Nc4 51. Be1 Nd4 52. Nb7 Nxf5 53.
gxf5 Bb6+ 54. Bf2 Ke8 55. Bxb6 Nxb6 56. Nxa5 Nxa4 57. Nc4 Kd7 58. Kf2 Nc5 59.
Ke3 Nb7 60. Nxe5+ Kxd6 61. Kf4 Nd8 62. h4 h6 63. h5 Ke7 64. Ng4 Nf7 65. Ke4 Ke8
66. f6 Kd8 67. Kf5 Kd7 68. Ne5+ Ke8 69. Ng4 Kd7 70. Nf2 Nd6+ 71. Kg6 Ke6 72.
Nd3 Nc8 73. Nf4+ Kd7 74. f7 Ne7+ 75. Kf6 1-0

[Event "SA Championship"]
[Site "Adelaide"]
[Date "2009.02.24"]
[Round "3.3"]
[White "Kerr, Bill"]
[Black "Searle, Zachary"]
[Result "1-0"]
[WhiteElo "1908"]
[BlackElo "1692"]
[PlyCount "139"]
[EventDate "2009.02.10"]
[EventType "tourn"]
[EventRounds "9"]
[EventCountry "AUS"]

1. b3 Nf6 2. Bb2 g6 3. e4 Bg7 4. e5 Nd5 5. d4 O-O 6. c4 Nb6 7. f4 d6 8. Nd2
dxe5 9. fxe5 Nc6 10. Ne4 Bf5 11. Ng3 Qd7 12. Nxf5 Qxf5 13. Bd3 Qd7 14. Nf3 e6
15. O-O Rfd8 16. Qe1 Qe7 17. Be4 Rab8 18. Rd1 Rd7 19. Qg3 Rbd8 20. Bxc6 bxc6
21. Rde1 a5 22. Ng5 Qe8 23. Qh4 h6 24. Ne4 Rb8 25. Bc1 Qf8 26. Rf3 Rxd4 27.
Nf6+ Bxf6 28. Qxd4 Rd8 29. Qe4 Bg7 30. Qxc6 Qe7 31. Bf4 Rd7 32. Rh3 g5 33. Be3
Qd8 34. Qe4 Nc8 35. Rf3 Ne7 36. h4 Ng6 37. hxg5 hxg5 38. Rg3 Rd1 39. Bxg5 Rxe1+
40. Qxe1 Qd4+ 41. Be3 Qxe5 42. Rg5 Qe4 43. Bf2 Qc2 44. Rxa5 Bc3 45. Ra8+ Kg7
46. Qf1 Qe4 47. Rd8 Nf4 48. g3 Ne2+ 49. Kh2 Qh7+ 50. Qh3 Qxh3+ 51. Kxh3 Nc1 52.
Bd4+ Bxd4 53. Rxd4 Nxa2 54. Rd7 c5 55. Kg4 Nc1 56. Rb7 Ne2 57. Rc7 Nd4 58. Rxc5
Nxb3 59. Rc7 Kf8 60. Kg5 Nd2 61. Kf4 f6 62. c5 Ke8 63. Rh7 Nc4 64. Ke4 Ne5 65.
Kd4 Kd8 66. Kc3 Nd7 67. Kc4 Kc8 68. Kb5 f5 69. Kc6 Ne5+ 70. Kd6 1-0

[Event "SA Championship"]
[Site "Adelaide"]
[Date "2009.03.19"]
[Round "3.4"]
[White "Cloudsdale, Colin"]
[Black "Sykes, Alexander"]
[Result "1/2-1/2"]
[WhiteElo "1932"]
[BlackElo "1893"]
[PlyCount "102"]
[EventDate "2009.02.10"]
[EventType "tourn"]
[EventRounds "9"]
[EventCountry "AUS"]

1. e4 c5 2. Nf3 e6 3. d4 cxd4 4. Nxd4 Nc6 5. Nc3 a6 6. f4 Qc7 7. Be2 Na5 8. a4
b6 9. O-O Bb7 10. Qd3 Nf6 11. Bf3 d6 12. Kh1 Be7 13. b3 O-O 14. Bb2 Rfd8 15.
Rad1 Rac8 16. Ba1 Qb8 17. g3 Qa8 18. Rfe1 Bf8 19. Kg2 Nc6 20. Nxc6 Bxc6 21. h3
Qb7 22. g4 b5 23. axb5 axb5 24. Nb1 Nd7 25. c4 Ra8 26. Nc3 b4 27. Nb5 Ra2+ 28.
Kg3 Nc5 29. Qb1 Rda8 30. Bd4 Bxb5 31. Bxc5 dxc5 32. cxb5 Qxb5 33. Qd3 Qb6 34.
e5 R8a3 35. Re2 Rxe2 36. Bxe2 Ra2 37. Qe3 Qa5 38. Rd2 Ra1 39. Bc4 g6 40. f5
exf5 41. e6 Qc7+ 42. Kg2 f4 43. exf7+ Kg7 44. Qe4 Rc1 45. Rf2 Bd6 46. g5 Rc3
47. Rf3 Be5 48. Qd5 Kf8 49. Rd3 Rxd3 50. Qxd3 Qd6 51. Qd5 Qxd5+ 1/2-1/2

[Event "SA Championship"]
[Site "Adelaide"]
[Date "2009.02.24"]
[Round "3.5"]
[White "Cowley, Robert"]
[Black "Hoile, Robert"]
[Result "1-0"]
[WhiteElo "1998"]
[BlackElo "1845"]
[PlyCount "46"]
[EventDate "2009.02.10"]
[EventType "tourn"]
[EventRounds "9"]
[EventCountry "AUS"]

1. e4 c5 2. Nf3 d6 3. d4 cxd4 4. Nxd4 Nf6 5. Nc3 a6 6. g3 e6 7. Bg2 Be7 8. O-O
Nc6 9. Be3 Bd7 10. Qe2 O-O 11. Rad1 Qc7 12. f4 Nxd4 13. Bxd4 Bc6 14. g4 d5 15.
e5 Nd7 16. Qe3 Bb5 17. Rf2 Bc5 18. g5 Bxd4 19. Rxd4 Bc6 20. Bh3 Rae8 21. Bg4 b5
22. Ne2 Kh8 23. Rd1 Nc5 1-0

[Event "SA Championship"]
[Site "Adelaide"]
[Date "2009.02.26"]
[Round "4.1"]
[White "Mdinaradze, Edgar"]
[Black "Hoile, Robert"]
[Result "1/2-1/2"]
[WhiteElo "1896"]
[BlackElo "1845"]
[PlyCount "86"]
[EventDate "2009.02.10"]
[EventType "tourn"]
[EventRounds "9"]
[EventCountry "AUS"]

1. d4 d5 2. c4 e6 3. Nf3 Nf6 4. Nc3 Be7 5. Bf4 O-O 6. e3 c5 7. Rc1 Nc6 8. Be2
dxc4 9. Bxc4 Nh5 10. Be5 Nxe5 11. dxe5 Qxd1+ 12. Rxd1 g6 13. g4 Ng7 14. h4 a6
15. a4 Rd8 16. Rxd8+ Bxd8 17. Ke2 Bd7 18. Rd1 Bc6 19. Ng5 Be7 20. Nge4 Ne8 21.
f4 Nc7 22. Nd6 Rd8 23. e4 Ne8 24. Nxe8 Rxd1 25. Kxd1 Bxe8 26. g5 h6 27. Ke2
hxg5 28. hxg5 Bd7 29. Kd2 Kf8 30. Ke3 Ke8 31. Kf3 Bd8 32. Kg4 Bc7 33. Kf3 Ke7
34. Ke3 Bc6 35. Kd2 Ba5 36. b3 Bxe4 37. Ke3 Bc6 38. Ne4 b5 39. axb5 axb5 40.
Bd3 Bb6 41. Ke2 c4 42. bxc4 bxc4 43. Bc2 Bd5 1/2-1/2

[Event "SA Championship"]
[Site "Adelaide"]
[Date "2009.03.03"]
[Round "4.2"]
[White "Sykes, Alexander"]
[Black "Cowley, Robert"]
[Result "1/2-1/2"]
[WhiteElo "1893"]
[BlackElo "1998"]
[PlyCount "50"]
[EventDate "2009.02.10"]
[EventType "tourn"]
[EventRounds "9"]
[EventCountry "AUS"]

1. d4 Nf6 2. c4 e6 3. Nc3 Bb4 4. Bg5 c5 5. d5 d6 6. Bxf6 Qxf6 7. Rc1 exd5 8.
cxd5 O-O 9. e3 Nd7 10. Nf3 Ne5 11. Be2 Nxf3+ 12. Bxf3 b5 13. O-O Bd7 14. Bg4
Qe7 15. Bxd7 Qxd7 16. Ne4 Ba5 17. Qf3 Bd8 18. Ng3 g6 19. e4 Bg5 20. Rce1 Rae8
21. Qc3 Bf4 22. Qc2 Be5 23. f4 Bd4+ 24. Kh1 Qe7 25. b3 a5 1/2-1/2

[Event "SA Championship"]
[Site "Adelaide"]
[Date "2009.03.03"]
[Round "4.3"]
[White "Searle, Zachary"]
[Black "Cloudsdale, Colin"]
[Result "1-0"]
[WhiteElo "1692"]
[BlackElo "1932"]
[PlyCount "59"]
[EventDate "2009.02.10"]
[EventType "tourn"]
[EventRounds "9"]
[EventCountry "AUS"]

1. e4 c5 2. Nf3 e6 3. d4 cxd4 4. Nxd4 Nf6 5. Nc3 Nc6 6. Ndb5 d6 7. Bf4 e5 8.
Bg5 a6 9. Na3 b5 10. Nd5 Qa5+ 11. Bd2 Qd8 12. Bg5 Qa5+ 13. Bd2 Qd8 14. Bg5 Be6
15. c4 Qa5+ 16. Bd2 b4 17. Bd3 Rb8 18. Nc2 Qc5 19. Nc7+ Kd8 20. Nxa6 Qb6 21.
Nxb8 Qxb8 22. O-O Be7 23. Qe1 Kd7 24. Nxb4 Rc8 25. Nd5 Ke8 26. Bc3 Qa7 27. b4
Bd8 28. a4 Nd4 29. Kh1 Kf8 30. a5 1-0

[Event "SA Championship"]
[Site "Adelaide"]
[Date "2009.03.03"]
[Round "4.4"]
[White "Milton, Anthony"]
[Black "Kerr, Bill"]
[Result "1-0"]
[WhiteElo "1702"]
[BlackElo "1908"]
[PlyCount "81"]
[EventDate "2009.02.10"]
[EventType "tourn"]
[EventRounds "9"]
[EventCountry "AUS"]

1. d4 f5 2. Nf3 Nf6 3. Bg5 Ne4 4. Bf4 d6 5. Nbd2 Nf6 6. e3 g6 7. Bc4 e6 8. O-O
Bg7 9. h3 O-O 10. b4 Kh8 11. Rb1 Qe7 12. Re1 Nbd7 13. Bb3 e5 14. dxe5 dxe5 15.
Bh2 Ne4 16. Nxe4 fxe4 17. Nd2 Nf6 18. Nc4 Ne8 19. c3 Qg5 20. Bg3 Be6 21. Qc2
Rd8 22. Rbd1 Rxd1 23. Rxd1 Bxc4 24. Bxc4 Nd6 25. Bd5 Qf5 26. a4 h5 27. Qe2 Qf6
28. b5 Bh6 29. c4 b6 30. Rc1 Qe7 31. Bh2 Bg5 32. c5 bxc5 33. Rxc5 Nf5 34. Rc2
Nd6 35. Bb3 Bh4 36. g3 Bg5 37. Rc5 Nf5 38. Rc6 Nd6 39. Qc2 Qf6 40. Qd2 Ne8 41.
Rxf6 1-0

[Event "SA Championship"]
[Site "Adelaide"]
[Date "2009.03.03"]
[Round "4.5"]
[White "Zulfic, Fedja"]
[Black "Juszczynski, Mathew"]
[Result "1-0"]
[WhiteElo "1964"]
[BlackElo "1837"]
[PlyCount "41"]
[EventDate "2009.02.10"]
[EventType "tourn"]
[EventRounds "9"]
[EventCountry "AUS"]

1. c4 c6 2. d4 d5 3. cxd5 cxd5 4. Nc3 Nc6 5. Bf4 Nf6 6. e3 a6 7. Bd3 Bg4 8. f3
Bh5 9. Qb3 b5 10. Nxb5 axb5 11. Bxb5 Qa5+ 12. Kf2 Kd7 13. Rc1 Rc8 14. Rxc6 Rxc6
15. Ne2 g6 16. Bxc6+ Kxc6 17. Rc1+ Kd7 18. Qb7+ Ke6 19. Qc8+ Nd7 20. Rc6+ Kf5
21. Ng3# 1-0

[Event "SA Championship"]
[Site "Adelaide"]
[Date "2009.03.10"]
[Round "5.1"]
[White "Juszczynski, Mathew"]
[Black "Mdinaradze, Edgar"]
[Result "1-0"]
[WhiteElo "1837"]
[BlackElo "1896"]
[PlyCount "121"]
[EventDate "2009.02.10"]
[EventType "tourn"]
[EventRounds "9"]
[EventCountry "AUS"]

1. d4 d5 2. c4 c6 3. Nc3 Nf6 4. Nf3 e6 5. Bg5 Be7 6. e3 Nbd7 7. Bd3 Qa5 8. O-O
a6 9. c5 h6 10. Bh4 g5 11. Bg3 Nh5 12. Be5 Nxe5 13. Nxe5 Ng7 14. f4 f5 15. Na4
Qc7 16. Nb6 Rb8 17. b4 O-O 18. a4 Bf6 19. b5 Bxe5 20. fxe5 axb5 21. axb5 Bd7
22. bxc6 Bxc6 23. g3 Qf7 24. Ra2 Qg6 25. Raf2 h5 26. Kh1 Qh6 27. Qd2 g4 28. Rg2
h4 29. gxh4 Rf7 30. Qf2 Rbf8 31. h3 gxh3 32. Rg5 Kh8 33. Qf4 Nh5 34. Qf3 Rh7
35. Rfg1 Be8 36. Nc8 Ng7 37. Qg3 Bh5 38. Ne7 Rf7 39. Ra1 Rf8 40. Rg1 Rf7 41.
Nc8 Bg4 42. Nd6 Re7 43. Ra1 Ne8 44. Ra8 Qf8 45. Bb5 Bh5 46. Rxh5 Rxh5 47. Nxe8
Rh6 48. Nc7 Qxa8 49. Nxa8 Rg7 50. Qf2 Rg2 51. Qf3 Rxh4 52. Bf1 Rg8 53. Nc7 Rg6
54. Ne8 Kh7 55. Nf6+ Kh6 56. Qf2 Rgg4 57. Nxg4+ Rxg4 58. Bxh3 Re4 59. Kh2 Kg5
60. Qg3+ Kh5 61. Kg2 1-0

[Event "SA Championship"]
[Site "Adelaide"]
[Date "2009.03.10"]
[Round "5.2"]
[White "Kerr, Bill"]
[Black "Zulfic, Fedja"]
[Result "0-1"]
[WhiteElo "1908"]
[BlackElo "1964"]
[PlyCount "52"]
[EventDate "2009.02.10"]
[EventType "tourn"]
[EventRounds "9"]
[EventCountry "AUS"]

1. b3 c5 2. Bb2 Nc6 3. Nf3 d6 4. g3 e5 5. d3 g6 6. Bg2 Bg7 7. c4 Nge7 8. O-O
O-O 9. Nc3 h6 10. Qd2 Be6 11. Rfc1 Qd7 12. Ne1 f5 13. f4 Kh7 14. a3 Rf7 15.
Rab1 Rg8 16. Nd5 b6 17. b4 g5 18. fxg5 hxg5 19. Qxg5 Bh6 20. Nf6+ Rxf6 21. Qxf6
Bg5 22. Qxg5 Rxg5 23. Nf3 Rg8 24. bxc5 bxc5 25. Bc3 f4 26. gxf4 Bh3 0-1

[Event "SA Championship"]
[Site "Adelaide"]
[Date "2009.03.10"]
[Round "5.3"]
[White "Cloudsdale, Colin"]
[Black "Milton, Anthony"]
[Result "1-0"]
[WhiteElo "1932"]
[BlackElo "1702"]
[PlyCount "71"]
[EventDate "2009.02.10"]
[EventType "tourn"]
[EventRounds "9"]
[EventCountry "AUS"]

1. e4 c5 2. Nf3 d6 3. d4 cxd4 4. Nxd4 Nf6 5. Nc3 g6 6. Be3 Bg7 7. f3 Nc6 8. Qd2
O-O 9. Bc4 a6 10. O-O-O Bd7 11. g4 b5 12. Bb3 Na5 13. Bh6 Nxb3+ 14. axb3 b4 15.
Nd5 Nxd5 16. Bxg7 Kxg7 17. exd5 a5 18. h4 Qb6 19. h5 Rh8 20. Qe3 Qd8 21. Rde1
Kf8 22. Rh2 a4 23. Qh6+ Kg8 24. hxg6 fxg6 25. Rhe2 Qf8 26. Qxf8+ Kxf8 27. Rxe7
Rd8 28. bxa4 Bxa4 29. Rb7 Bd7 30. Re6 h5 31. Rxd6 Ke7 32. Re6+ Kf8 33. Rf6+ Ke8
34. d6 h4 35. Ne6 Bxe6 36. Re7# 1-0

[Event "SA Championship"]
[Site "Adelaide"]
[Date "2009.03.10"]
[Round "5.4"]
[White "Cowley, Robert"]
[Black "Searle, Zachary"]
[Result "1-0"]
[WhiteElo "1998"]
[BlackElo "1692"]
[PlyCount "107"]
[EventDate "2009.02.10"]
[EventType "tourn"]
[EventRounds "9"]
[EventCountry "AUS"]

1. e4 c5 2. Nf3 Nc6 3. d4 cxd4 4. Nxd4 Nf6 5. Nc3 e5 6. Ndb5 d6 7. Bg5 a6 8.
Na3 b5 9. Nd5 Be7 10. Bxf6 Bxf6 11. c3 O-O 12. Nc2 Bg5 13. a4 bxa4 14. Rxa4 Rb8
15. b4 a5 16. Be2 Be6 17. O-O axb4 18. cxb4 Bxd5 19. Qxd5 Ne7 20. Qd3 d5 21. b5
d4 22. Na3 Nc8 23. g3 Nb6 24. Ra7 f6 25. Nc4 Nc8 26. Ra5 Nd6 27. Nxd6 Qxd6 28.
Ra6 Rb6 29. Rfa1 Rfb8 30. Rxb6 Qxb6 31. Qc4+ Kh8 32. Ra6 Qd8 33. Rc6 h5 34. b6
Kh7 35. Qb5 h4 36. gxh4 Bxh4 37. Qd5 Qe8 38. Qe6 Qxe6 39. Rxe6 Bg5 40. Ba6 Bd2
41. b7 Bb4 42. Rb6 Bc5 43. Rb3 g6 44. Kf1 f5 45. Bd3 f4 46. Kg2 Kh6 47. Rb5 Bd6
48. Rd5 Bc7 49. Ba6 Kh5 50. Rd7 Bd8 51. Rh7+ Kg5 52. h4+ Kf6 53. Kf3 Be7 54.
Bc4 1-0